Normal view MARC view

Entry Topical Term

Number of records used in: 1

001 - CONTROL NUMBER

  • control field: 811178

003 - CONTROL NUMBER IDENTIFIER

  • control field: OSt

005 - DATE AND TIME OF LATEST TRANSACTION

  • control field: 20250530122839.0

008 - FIXED-LENGTH DATA ELEMENTS

  • fixed length control field: 250530|| aca||aabn | a|a d

040 ## - CATALOGING SOURCE

  • Original cataloging agency: OSt
  • Transcribing agency: OSt

150 ## - HEADING--TOPICAL TERM

  • Topical term or geographic name entry element: Mughal Empire -- History -- Court and courtiers -- Politics and government

670 ## - SOURCE DATA FOUND

  • Source citation: Work cat.: (OSt)1308919: Joshi, Harit 734894, The Ceremonial of power :, 2024.
Copyright @ Delhi University Library System